| 000 | 00831nam a22002417a 4500 | ||
|---|---|---|---|
| 999 |
_c34424 _d34424 |
||
| 001 | 3793 | ||
| 003 | CO-MdFUSB | ||
| 005 | 20180622073141.0 | ||
| 008 | 180321t1984 xxu||||| |||| 00| 0 spa d | ||
| 040 |
_aCO-MdFUSB _bspa _cCO-MdFUSB _dCO-MdFUSBC _erda |
||
| 041 | 0 |
_aspa _heng |
|
| 082 | 0 | 4 | _aG 227.507 H4986e |
| 100 | 1 |
_aHendriksen, Guillermo (William) (1900-) _eautor |
|
| 245 | 1 | 0 |
_aComentario del Nuevo Testamento _b : Exposición de Efesios _c/ Guillermo Hendriksen |
| 264 | 4 |
_aGrand Rapids, MI., USA : _bSubcomisión Literatura Cristiana, _c©1984 |
|
| 300 | _a319 Pag | ||
| 336 |
_2rdacontent _atexto _btxt |
||
| 337 |
_2rdamedia _asin mediación _bn |
||
| 338 |
_2rdacarrier _avolumen _bnc |
||
| 500 | _aTítulo original : New Testament commentary, Ephesians | ||
| 653 | _aBiblia N.T. - Efesios - Comentarios | ||
| 942 | _cBK | ||